| 000 | 01341nam a2200361 i 4500 | ||
|---|---|---|---|
| 003 | EG-ScBUE | ||
| 005 | 20231031123334.0 | ||
| 008 | 170702s2014 ua o f bd 000 0dara d | ||
| 017 | _a2013 / 1669 | ||
| 020 | _a9789772089864 | ||
| 040 |
_aEG-ScBUE _bara _erda _cEG-ScBUE _dEG-ScBUE |
||
| 043 | _af-ua--- | ||
| 082 | 0 | 4 |
_a916.216 _bع ر ف _222 |
| 100 | 1 |
_aعرفة، تغريد، _eمؤلف. |
|
| 245 | 1 | 0 |
_aآثار القاهرة الإسلامية : _bمن كتاب وصف مصر / _cد. تغريد عرفة. |
| 250 | _aالطبعة الأولى. | ||
| 264 | 1 |
_aالقاهرة : _bمكتبة مدبولي، _c2014. |
|
| 300 |
_a255 صفحة : _bصور ؛ _c24 سم. |
||
| 336 |
_2rdacontent _aنص _btxt |
||
| 337 |
_2rdamedia _aبدون وسيط _bn |
||
| 338 |
_2rdacarrier _aمجلد _bnc |
||
| 490 | 0 |
_aصفحات من تاريخ مصر ؛ _v64 |
|
| 500 | _aيشتمل على قائمة بالمصطلحات. | ||
| 500 | _aيشتمل علي ملاحق | ||
| 504 | _aيشتمل على إرجاعات ببليوجرافية. | ||
| 541 | _aإهداء من ا. محمد فريد خميس. | ||
| 590 | _aWessam Sameh Editor | ||
| 650 | 7 |
_aالمساجد _zمصر. _2BUEsh _917123 |
|
| 651 | 7 |
_aالقاهرة _xالآثار الإسلامية. _2BUEsh |
|
| 653 |
_bGGEN _cJuly2017 |
||
| 655 | _vReading book | ||
| 942 | _2ddc | ||
| 999 |
_c24962 _d24934 |
||